Наноструктурная керамика на основе ZrO2, полученная по аддитивной технологии; Перспективы развития фундаментальных наук; Т. 1 : Физика
| Parent link: | Перспективы развития фундаментальных наук=Prospects of Fundamental Sciences Development: сборник научных трудов XIV Международной конференции студентов, аспирантов и молодых ученых, г. Томск, 25-28 апреля 2017 г./ Национальный исследовательский Томский политехнический университет (ТПУ) ; под ред. И. А. Курзиной, Г. А. Вороновой.— , 2017 Т. 1 : Физика.— 2017.— [С. 96-98] |
|---|---|
| 1. autor: | |
| Kolejni autorzy: | , , , |
| Streszczenie: | Заглавие с экрана The aim of this work was to study nanostructured powders based on ZrO2 and analyzing the properties of thermoplastic pastes for 3D printing of experimental samples. Data on structure and properties of the nanopowders were obtained. Using the method of Fusing Deposition Modeling were obtained ceramic samples. |
| Język: | rosyjski |
| Wydane: |
2017
|
| Hasła przedmiotowe: | |
| Dostęp online: | http://earchive.tpu.ru/handle/11683/44145 |
| Format: | MixedMaterials Elektroniczne Rozdział |
| KOHA link: | https://koha.lib.tpu.ru/cgi-bin/koha/opac-detail.pl?biblionumber=624351 |
MARC
| LEADER | 00000naa2a2200000 4500 | ||
|---|---|---|---|
| 001 | 624351 | ||
| 005 | 20231101133316.0 | ||
| 035 | |a (RuTPU)RU\TPU\conf\23611 | ||
| 035 | |a RU\TPU\conf\23609 | ||
| 090 | |a 624351 | ||
| 100 | |a 20171121d2017 k y0rusy50 ca | ||
| 101 | 0 | |a rus |d eng | |
| 102 | |a RU | ||
| 105 | |a y z 100zy | ||
| 135 | |a drcn ---uucaa | ||
| 181 | 0 | |a i | |
| 182 | 0 | |a b | |
| 200 | 1 | |a Наноструктурная керамика на основе ZrO2, полученная по аддитивной технологии |d Nanostructured ceramics based ON ZrO2, obtained by additive technology |f Н. В. Грунт, Н. А. Шульц, В. В. Промахов |g науч. рук. А. Б. Ворожцов, А. С. Жуков | |
| 203 | |a Текст |c электронный | ||
| 230 | |a 1 компьютерный файл (pdf; 250 Kb) | ||
| 300 | |a Заглавие с экрана | ||
| 320 | |a [Библиогр.: с. 98 (6 назв.)] | ||
| 330 | |a The aim of this work was to study nanostructured powders based on ZrO2 and analyzing the properties of thermoplastic pastes for 3D printing of experimental samples. Data on structure and properties of the nanopowders were obtained. Using the method of Fusing Deposition Modeling were obtained ceramic samples. | ||
| 461 | 1 | |0 (RuTPU)RU\TPU\conf\21388 |t Перспективы развития фундаментальных наук |l Prospects of Fundamental Sciences Development |o сборник научных трудов XIV Международной конференции студентов, аспирантов и молодых ученых, г. Томск, 25-28 апреля 2017 г. |o в 7 т. |f Национальный исследовательский Томский политехнический университет (ТПУ) ; под ред. И. А. Курзиной, Г. А. Вороновой |d 2017 | |
| 463 | 1 | |0 (RuTPU)RU\TPU\conf\21389 |t Т. 1 : Физика |v [С. 96-98] |d 2017 | |
| 510 | 1 | |a Nanostructured ceramics based ON ZrO2, obtained by additive technology |z eng | |
| 610 | 1 | |a электронный ресурс | |
| 610 | 1 | |a материаловедение | |
| 610 | 1 | |a аддитивные технологии | |
| 610 | 1 | |a керамические порошки | |
| 610 | 1 | |a диффузионные процессы | |
| 610 | 1 | |a электронные приборы | |
| 700 | 1 | |a Грунт |b Н. В. | |
| 701 | 1 | |a Шульц |b Н. А. | |
| 701 | 1 | |a Промахов |b В. В. |c специалист в области материаловедения |c ассистент Томского политехнического университета |f 1986- |g Владимир Васильевич |2 stltpush |3 (RuTPU)RU\TPU\pers\31236 | |
| 702 | 1 | |a Ворожцов |b А. Б. |4 727 | |
| 702 | 1 | |a Жуков |b А. С. |4 727 | |
| 801 | 2 | |a RU |b 63413507 |c 20171204 |g RCR | |
| 856 | 4 | |u http://earchive.tpu.ru/handle/11683/44145 | |
| 942 | |c BK | ||